000
00326nam a2200145Ia 4500
008
191201s2006 xx 000 0 und d
082
_a
005.43
_b
DHS
100
_a
DHAMDHERE, D M
245
0
_a
Operating Systems
250
_a
2nd
260
_a
N.Delhi
_b
TMH
_c
2006
300
_a
789
650
_a
B.Tech(CSE)
942
_2
ddc
_c
BK
999
_c
5576
_d
5576